Quizzes
Events
Quiz Creation
Community
Videos
Private Events
Remove Ads
Sign In
Join for FREE
Feedback
Dark Mode
Quiz Categories
Sports
Geography
Music
Movies
Television
Just For Fun
Miscellaneous
History
Literature
Language
Science
Gaming
Entertainment
Religion
Holiday
For Kids
Quiz Lab
Recent
Popular Today
Quiz Kudos Today
Editor Picks
Curator Picks
Quizzes by...
Day
Popularity
Type
Ratings
Length
Year
Community
Subscriptions
Recent Discussions
Orange Saloon
Badges
Playlists
Quests
Create
Leaderboards
Showdown
Live 5
Trivia Bingo
Activity
Puzzle Library
Sporcle Events
Private Events
Virtual Trivia
Globe League
Become a Host
Pub Owners
SporcleCon
Opinionation
Our Games
Videos
Blog
Mobile Apps
Partnerships
Remove Ads and Go Orange
Feedback
Sports
Athletes
MLB
NBA
NHL
NFL
Soccer
Sports Teams
WWE
NCAA
Football
Premier League
Basketball
Baseball
Hockey
Golf
Tennis
Cricket
Rugby
Auto Racing
Olympics
World Cup
Sports
Athletes
MLB
NBA
NHL
NFL
Soccer
Sports Teams
WWE
NCAA
Football
Premier League
Basketball
Baseball
Hockey
Golf
Tennis
Cricket
Rugby
Auto Racing
Olympics
World Cup
Random Quiz
Search Sporcle
×
Quiz Lab
Quiz Lab
Sports
Athletes
Type in answers that appear in a list
Type in answers that appear in a list
Classic
Best Score? Go Orange.
Australian Flag bearers Stats
Can you name the Australian Flag Bearers at the Olympic Games Opening Ceremonies?
By
aandsl
7m
24 Questions
32 Plays
32 Plays
32 Plays
Comments
Comments
Give Quiz Kudos
Give Quiz Kudos
-
- Ratings
hide this ad
More Info
Replay
Link that replays current quiz
Next Quiz
Link to next quiz in quiz playlist
You Got
0%
They Got
Avg Score
28%
Avg Friend Score
Upgrade to see
Score Distribution
Jump to the score distribution portion of the page
Score
0/24
Timer
07:00
0
Plays Today
Year
Athlete
% Correct
2012
Lauren Jackson
84.4%
2000
Andrew Gaze
75%
2016
Anna Meares
60.9%
2008
James Tomkins
50%
1996
Andrew Hoy
50%
1976
Raelene Boyle
34.4%
1988
Ric Charlesworth
28.1%
1984
Wayne Roycroft
28.1%
1968
Bill Roycroft
28.1%
1936
Dunc Gray
25%
1932
Boy Charlton
25%
1992
Jenny Donnet
21.9%
Year
Athlete
% Correct
1980 (combined)
Denise Robertson-Boyd
21.9%
1928
Bobby Pearce
21.9%
1980 (combined)
Max Metzker
18.8%
1972
Dennis Green
18.8%
1956
Mervyn Wood
18.8%
1952
Mervyn Wood
18.8%
2004
Colin Beashel
12.5%
1960
Jock Sturrock
12.5%
1964
Ivan Lund
9.4%
1948
Les McKay
9.4%
1924
Edwin Carr, Sr
9.4%
1920
George Parker
9.4%
Quiz Playlist
Details
Report
Send in Message
Add To Playlist
More Info:
***Summer Olympics Only***
Classic:
Type in answers that appear in a list
Quiz Source
Last Updated: Feb 16, 2017
Quiz Scoreboard
CHALLENGE
Sign Up to Join the Scoreboard
Show All
Scores
Hide
Comments
May contain spoilers
Recently Published
1-10 Letter E Words III
by El_Dandy
Language
2m
One Thing in Common: World Cities II
by knightlancer
Geography
7m
Popular People in 1961
by mucciniale
History
6m
More to Explore
Quiz From the Vault
Featured Blog Post
Where Did the Easter Bunny Come From?
hide this ad
You Might Also Like...
Tags
Athletes Quiz
Olympics Quiz
Australia
Australian
Australia National
Heroes
Sporting Events
Sports Champions
Summer
Summer Olympics
Today's Top Quizzes in Sports
Browse Sports
hide this ad
Today's Top Quizzes in Athletes
Browse Athletes
Top Contributed Quizzes in Sports
1
Les meilleurs buteurs des matchs entre le PSG et l’OM
2
Les entraîneurs de l'OM et du PSG au 21e siècle
3
FIFA Club World Cup Champions
4
2022 World Cup Stars
5
Name the Premier League winners with different clubs
6
La finale Lions - Afrique du Sud 2021
7
Criteria MLB: Left Handed Sluggers
8
Players with Multiple 50 Home Run Seasons
9
MLB Players with Two .350 Batting Average Seasons
10
MLB Hall of Famer by Rings
Explore More
Trending Topics
Marvel
NBA
Crossword
Anime
Disney
Kpop
Harry Potter
Pokémon
Puzzle
WWE
NFL
Soccer
The Office
Song
Country
hide this ad
More By:
aandsl
Quiz
Plays
Rating
Category
Featured
Created
Forearm Muscles
1,357
Science
Jan 28, 2013
Tour de France Jersey Winners 2011
660
4.50
Sports
Jul 24, 2011
Australian City by Population
607
4.33
Geography
Jan 11, 2011
Tour de France stage winners 2011
247
5.00
Sports
Jul 24, 2011
2012 Tour de France Winners
230
5.00
Sports
Jul 2, 2012
Go to Creator's Profile
Score Distribution
Quiz Creator Spotlight
aandsl
Follow
Send a Message
Quizzes Created
-
Created Quiz Play Count
-
More By This Creator
Popular Quizzes Today
1
Find the US States - No Outlines Minefield
2
Find the Countries of Europe - No Outlines Minefield
3
The Countries of the World
4
Popular People in 1961
5
1-10 Letter E Words III
6
Find the US States
7
One Thing in Common: World Cities II
8
US States
More Sports Quizzes
Manchester United's Winning Europa League XI's
Quiz Lab
Trending Quizzes
Risky Map Clicking: Least Populous States A-Z
1-10 Letter F Words
1-10 Letter G Words
One Thing in Common: United Kingdom
Risky Map Clicking: Biggest States A-Z
Recently Updated
Leaping Animals
pecheneg
Reality TV Shows (A-Z)
bhenderson79
Rickey Henderson's Hall of Fame Teammates
pecheneg
Champions League XIs: Arsenal
pecheneg
Quick Pick: Celebrities in WWE's Hall of Fame
aduchscher
A-Z Keypad Blitz II
pecheneg
Multiple Oscar Actors
pecheneg
Mystery Phrase Blitz: Oscar 'Best Actors'
pecheneg
F. Scott Fitzgerald Novels
LTH
Pick 3 Villains
ddd62291
Trending Topics
NBA
Crossword
Marvel
Disney
Kpop
Harry Potter
Anime
Song
WWE
Pokémon
Puzzle
NFL
The Office
Soccer
Country
Your Account Isn't Verified!
In order to create a playlist on Sporcle, you need to verify the email address you used during registration. Go to your
Sporcle Settings
to finish the process.
Report this User
Report this user for behavior that violates our
Community Guidelines
.
Details:
Send Report
Go to the Sporcle.com Mobile Site →
Comments